000 00370nam a2200133Ia 4500
008 100328s9999 xx 000 0 und d
082 _b60921
100 _aभागवत विद्याार.
245 _aजखमी पंख.
260 _bमाुश्री.
630 _aजखमी पंख.
730 _aजखमी पंख.
942 _cBOOK
999 _c547036
_d547033